000 00557nab a2200205 a 4500
001 66044
003 138866
005 20201118110248.0
008 ||||||n9999 ||| || ||
041 _aspa
100 _aVasquez, Hector
245 0 _aEl plan de trabajo de FUTRAN :
_bpp.8-10
260 _aBogotá :
_bEscuela Nacional Sindical,
_c1994.
562 _e0
650 _aANTIOQUIA (COLOMBIA)
650 _aCONDICIONES LABORALES
650 _aREPRESENTACION DE LOS TRABAJADORES
773 _060647
_aCultura & trabajo - No.32
942 _cSART
999 _c66044
_d66044